| 000 | 00618cab a2200205 4500 | ||
|---|---|---|---|
| 001 | WB2706-66 | ||
| 008 | 090401t1991 xxu||||| |||| 00| 0 eng d | ||
| 035 | _a(Sirsi) u2442 | ||
| 041 | _aeng | ||
| 245 | _aB&B business rates | ||
| 260 | _c1991 | ||
| 350 | _a0 | ||
| 490 |
_aDaily Telegraph _v4 February 1991, 23(1) |
||
| 520 | _aThe Government has attempted to take some of the heat out of protests about levying business rates on bed and breakfast accommodation . | ||
| 650 | _aHOLIDAY ACCOMMODATION | ||
| 650 | _aUNIFORM BUSINESS RATE | ||
| 690 | _aRATING AND VALUATION | ||
| 942 | _n0 | ||
| 948 | _c04/03/1997 | ||
| 999 |
_c1475 _d1475 |
||